[Event "GER-ch 92nd"]
[Site "Magdeburg"]
[Date "2021.07.29"]
[Round "6"]
[White "Matthes, Aaron"]
[Black "Neyman, Igor"]
[Result "0-1"]
[WhiteElo "2035"]
[BlackElo "2325"]
[EventDate "2021.07.25"]
[PlyCount "156"]

1. d4 Nf6 2. Nf3 e6 3. g3 b6 4. c4 Bb7 5. Bg2 Bb4+ 6. Bd2 Bxd2+ 7. Qxd2 O-O 8. O-O d6 9. Nc3 Ne4 10. Nxe4 Bxe4 11. Qf4 f5 12. Ng5 Bxg2 13. Kxg2 Qf6 14. Qf3 c6 15. Qe3 e5 16. dxe5 dxe5 17. Rad1 c5 18. Qd2 Nc6 19. Qd5+ Kh8 20. Ne6 Rfc8 21. Qd7 Nd4 22. Nc7 Rd8 23. Qa4 Rac8 24. Nd5 Qf7 25. e3 Ne6 26. Qb3 Ng5 27. Qc3 Qh5 28. h4 Qf3+ 29. Kh2 Qh5 30. Kg2 Nf3 31. Rh1 Qg4 32. Rc1 Qe4 33. Kf1 Rd6 34. Qc2 Qg4 35. Qe2 Rcd8 36. Rc3 Qe4 37. Qc2 b5 38. Qxe4 Nd2+ 39. Kg2 Nxe4 40. Ra3 bxc4 41. Nc3 Nf6 42. Re1 Rd2 43. Re2 Rxe2 44. Nxe2 Rd2 45. Kf1 Rxb2 46. Rxa7 g6 47. Ra5 Ne4 48. f3 Nd2+ 49. Kf2 e4 50. f4 Kg7 51. Rxc5 Rxa2 52. Rc7+ Kf6 53. Rxh7 Nf3 54. Rc7 Rc2 55. Rc6+ Kg7 56. Rc7+ Kh6 57. Kf1 Nh2+ 58. Ke1 Ng4 59. Nd4 Rc3 60. Ne6 Rxe3+ 61. Kd2 Rxg3 62. Ng5 Rd3+ 63. Ke2 Nf6 64. Nf7+ Kh5 65. Ne5 Rd6 66. Rxc4 Nd5 67. Rc8 Nxf4+ 68. Kf2 Kxh4 69. Rh8+ Nh5 70. Rg8 g5 71. Nf7 Rd2+ 72. Ke1 Ra2 73. Rxg5 Ng3 74. Rg8 e3 75. Rh8+ Kg4 76. Ne5+ Kf4 77. Nd3+ Kf3 78. Nf4 Ra1# 0-1

[Event "GER-ch 92nd"]
[Site "Magdeburg"]
[Date "2021.07.29"]
[Round "6"]
[White "Muckle, Julius"]
[Black "Fromm, Marius"]
[Result "1-0"]
[WhiteElo "2423"]
[BlackElo "2326"]
[EventDate "2021.07.25"]
[PlyCount "74"]

1. d4 Nf6 2. c4 e6 3. Nf3 d5 4. Nc3 dxc4 5. e4 b5 6. e5 Nd5 7. Nxb5 Nb6 8. Be2 Nc6 9. O-O Be7 10. Be3 O-O 11. Rc1 Rb8 12. Na3 Bxa3 13. bxa3 Ne7 14. Nd2 Ba6 15. Bg5 h6 16. Bh4 g5 17. Bg3 Qxd4 18. Qc2 Nf5 19. Ne4 Nd5 20. Rfd1 Rb2 21. Qa4 Bb5 22. Qa5 Nxg3 23. Nxg3 Qxe5 24. a4 Bc6 25. Bxc4 Rfb8 26. Bb3 Rb6 27. Qc5 Bb7 28. Re1 Qf4 29. Nh5 Qb4 30. a5 Rc6 31. Qxa7 Qd2 32. Rcd1 Qb4 33. Qb8+ Kh7 34. Bxd5 exd5 35. Qe8 Kg6 36. Ng3 Qc3 37. Rxd5 Re6 1-0

[Event "GER-ch 92nd"]
[Site "Magdeburg"]
[Date "2021.07.29"]
[Round "6"]
[White "Nguyen, Alex Dac Vuong"]
[Black "Enders, Peter"]
[Result "0-1"]
[WhiteElo "2298"]
[BlackElo "2447"]
[EventDate "2021.07.25"]
[PlyCount "96"]

1. e4 e6 2. d4 d5 3. Nc3 Bb4 4. e5 Ne7 5. Bd2 Nf5 6. Bd3 Nc6 7. Nf3 Be7 8. Ne2 b6 9. a3 Bb7 10. b4 Qd7 11. h4 O-O-O 12. b5 Nb8 13. a4 Rdg8 14. a5 Qd8 15. axb6 axb6 16. g3 h6 17. h5 Bg5 18. Nf4 Qf8 19. c3 g6 20. Qe2 Nd7 21. Kd1 Bxf4 22. Bxf4 g5 23. Bc1 Qg7 24. Kc2 Re8 25. Re1 Rhg8 26. Ra2 Kb8 27. Kb3 Ne7 28. Ba3 Nc8 29. g4 Rd8 30. Bb4 f6 31. exf6 Qxf6 32. Ra3 Rg7 33. Bg6 Na7 34. Rea1 Nxb5 35. Qxb5 Qxf3 36. Ra7 Rxg6 37. hxg6 Qf6 38. Qd3 e5 39. Qf5 Qc6 40. dxe5 Qc4+ 41. Kb2 c5 42. e6 Qe2+ 43. Kc1 Ne5 44. e7 Re8 45. Kb1 cxb4 46. cxb4 d4 47. f3 Qd1+ 48. Ka2 Bd5+ 0-1

[Event "GER-ch 92nd"]
[Site "Magdeburg"]
[Date "2021.07.29"]
[Round "6"]
[White "Paehtz, Thomas Sr"]
[Black "Braun, Georg"]
[Result "1/2-1/2"]
[WhiteElo "2350"]
[BlackElo "2375"]
[EventDate "2021.07.25"]
[PlyCount "65"]

1. e4 e6 2. d4 d5 3. exd5 exd5 4. Nf3 Nf6 5. h3 Bd6 6. Bd3 h6 7. O-O O-O 8. Re1 Re8 9. Rxe8+ Qxe8 10. Nc3 c6 11. Ne2 c5 12. c3 Nc6 13. Bf4 Bxf4 14. Nxf4 cxd4 15. Nxd4 Nxd4 16. cxd4 Qe7 17. Qe2 Qxe2 18. Bxe2 g5 19. Nh5 Nxh5 20. Bxh5 Bd7 21. Rc1 Bc6 22. Re1 Kf8 23. f4 Re8 24. Rxe8+ Bxe8 25. fxg5 hxg5 26. Kf2 f5 27. Bf3 Bf7 28. g3 Ke7 29. Ke3 Kf6 30. Bg2 Be6 31. Bf3 Bf7 32. Bg2 Be6 33. Bf3 1/2-1/2

[Event "GER-ch 92nd"]
[Site "Magdeburg"]
[Date "2021.07.29"]
[Round "6"]
[White "Pajeken, Jakob Leon"]
[Black "Schulz, Karsten"]
[Result "1-0"]
[WhiteElo "2328"]
[BlackElo "2302"]
[EventDate "2021.07.25"]
[PlyCount "91"]

1. e4 g6 2. d4 Bg7 3. Nc3 d6 4. Be3 a6 5. Qd2 Nd7 6. h4 h5 7. Nf3 b5 8. a4 b4 9. Nd5 a5 10. Ng5 Ndf6 11. Bc4 e6 12. Nxf6+ Nxf6 13. d5 e5 14. Bb5+ Bd7 15. Bxd7+ Qxd7 16. f3 O-O 17. O-O c6 18. dxc6 Qxc6 19. Rfd1 Rfd8 20. c3 d5 21. cxb4 axb4 22. Qxb4 Rdb8 23. exd5 Nxd5 24. Qc5 Qxc5 25. Bxc5 Nf4 26. Rd2 e4 27. Nxe4 Rxb2 28. Rxb2 Bxb2 29. Ra2 f5 30. Rxb2 fxe4 31. Bd6 Nd3 32. Rb8+ Rxb8 33. Bxb8 Nc5 34. a5 exf3 35. g3 Kf7 36. Kf2 Ke6 37. Kxf3 Kd5 38. Ba7 Na6 39. Kf4 Ke6 40. Ke4 Nb4 41. Bc5 Na6 42. Kd4 Kd7 43. Kd5 Nc7+ 44. Ke5 Kc6 45. Bf2 Kb5 46. Be1 1-0

[Event "GER-ch 92nd"]
[Site "Magdeburg"]
[Date "2021.07.29"]
[Round "6"]
[White "Poetsch, Hagen"]
[Black "Kunin, Vitaly L"]
[Result "1/2-1/2"]
[WhiteElo "2525"]
[BlackElo "2567"]
[EventDate "2021.07.25"]
[PlyCount "152"]

1. e4 e5 2. Nf3 Nf6 3. d4 exd4 4. e5 Ne4 5. Qxd4 d5 6. exd6 Nxd6 7. Nc3 Nc6 8. Qf4 g6 9. Be3 Bg7 10. O-O-O O-O 11. h4 h5 12. Bb5 Qf6 13. Bxc6 bxc6 14. Qxf6 Bxf6 15. Bd4 Bxd4 16. Nxd4 Bd7 17. Rhe1 Rfe8 18. Na4 Ne4 19. Ne2 Rad8 20. f3 Nd6 21. Nc5 Re5 22. b4 a5 23. Nd4 Rxe1 24. Rxe1 axb4 25. Nxd7 Rxd7 26. Nxc6 Nb5 27. Nxb4 c5 28. Nc6 Rd6 29. Ne5 Ra6 30. Kb2 Kg7 31. Re4 Nd6 32. Rf4 Ra7 33. Nd3 Rb7+ 34. Kc3 Nb5+ 35. Kd2 Na3 36. Ra4 Nb1+ 37. Ke3 Nc3 38. Rc4 Nxa2 39. Nxc5 Rb1 40. Nd3 Kf6 41. g4 hxg4 42. fxg4 Rh1 43. g5+ Ke6 44. Re4+ Kd6 45. Kd4 Rd1 46. Kc4 Rb1 47. Rf4 Rb7 48. Rf6+ Ke7 49. Rc6 Kf8 50. Rc5 Ke7 51. Ra5 Rc7+ 52. Nc5 Nc1 53. Kb5 Ne2 54. Kb6 Rc8 55. Ra7+ Ke8 56. c4 Nd4 57. Ne4 Rc6+ 58. Ka5 Kd8 59. c5 Re6 60. Ra8+ Kc7 61. Nd6 Kc6 62. Rc8+ Kd5 63. Nxf7 Nc6+ 64. Ka4 Re4+ 65. Kb3 Rxh4 66. Rg8 Rh3+ 67. Kb2 Rf3 68. Nh8 Ne5 69. Nxg6 Nxg6 70. Rxg6 Kxc5 71. Kc2 Kd5 72. Kd2 Ke5 73. Ke2 Rg3 74. Kf2 Kf4 75. Rf6+ Kxg5 76. Kxg3 Kxf6 1/2-1/2

[Event "GER-ch 92nd"]
[Site "Magdeburg"]
[Date "2021.07.29"]
[Round "6"]
[White "Stern, Rene"]
[Black "Krastev, Alexander"]
[Result "1/2-1/2"]
[WhiteElo "2517"]
[BlackElo "2380"]
[EventDate "2021.07.25"]
[PlyCount "112"]

1. Nf3 c5 2. c4 g6 3. e4 Nc6 4. d4 cxd4 5. Nxd4 Bg7 6. Be3 Nf6 7. Nc3 Ng4 8. Qxg4 Nxd4 9. Qd1 Ne6 10. Qd2 Qa5 11. Rc1 b6 12. Be2 Bb7 13. f3 d6 14. O-O g5 15. b3 h5 16. Nd5 Qxd2 17. Bxd2 Bd4+ 18. Kh1 h4 19. Rfd1 f6 20. Be1 Be5 21. Bf2 Kf7 22. Ne3 Bd4 23. Kg1 Bc5 24. Nd5 Nf4 25. Bf1 Rac8 26. b4 Bxf2+ 27. Kxf2 Nxd5 28. cxd5 Rxc1 29. Rxc1 Rc8 30. Rxc8 Bxc8 31. g3 hxg3+ 32. hxg3 f5 33. Ke3 Kf6 34. f4 gxf4+ 35. Kxf4 fxe4 36. Kxe4 Kg5 37. Be2 Bg4 38. Bc4 Bf5+ 39. Ke3 Kg4 40. a3 Kxg3 41. Bb3 Bc8 42. Bc4 Bb7 43. Bb3 Kg4 44. Bc4 Kf5 45. Kd4 Kf4 46. Bb5 Kf3 47. a4 Bc8 48. a5 a6 49. Bc6 bxa5 50. bxa5 Ke2 51. Ba4 Bb7 52. Bd7 Kd2 53. Be6 Kc2 54. Kc4 Kb2 55. Kb4 Ka2 56. Ka4 Kb2 1/2-1/2

[Event "GER-ch 92nd"]
[Site "Magdeburg"]
[Date "2021.07.29"]
[Round "6"]
[White "Stork, Oliver"]
[Black "Rosner, Jonas"]
[Result "0-1"]
[WhiteElo "2394"]
[BlackElo "2434"]
[EventDate "2021.07.25"]
[PlyCount "106"]

1. e4 c6 2. Nc3 d5 3. Nf3 dxe4 4. Nxe4 Nf6 5. Qe2 Nxe4 6. Qxe4 Nd7 7. Bc4 Nf6 8. Ne5 e6 9. Qe2 b5 10. Bd3 Qc7 11. a4 b4 12. Nxc6 a6 13. Ne5 Bb7 14. Bc4 Bxg2 15. Rg1 Bd5 16. b3 Bxc4 17. bxc4 Qb7 18. d3 Nd7 19. f4 Bc5 20. Be3 Bxe3 21. Qxe3 g6 22. a5 O-O 23. Rb1 Rab8 24. Kd2 Rfd8 25. h4 Nf6 26. Rb3 Rbc8 27. Ke2 Nh5 28. c3 Qe7 29. cxb4 Qxh4 30. Rg4 Qh2+ 31. Qf2 Qh1 32. Rg1 Qh3 33. Kd2 f6 34. Ng4 Rxc4 35. Qb6 Rcd4 36. Qxe6+ Kh8 37. Qxa6 Qf3 38. Kc2 f5 39. Ne5 Qf2+ 40. Kc3 Qxg1 41. Nf7+ Kg7 42. Nxd8 Rxd8 43. Kb2 Qd4+ 44. Ka2 Nxf4 45. Qc6 Nxd3 46. a6 Rd6 47. Qc7+ Kh6 48. b5 Qa4+ 49. Ra3 Nb4+ 50. Kb2 Rd2+ 51. Kb1 Rd1+ 52. Kb2 Nd3+ 53. Rxd3 Qa1+ 0-1

[Event "GER-ch 92nd"]
[Site "Magdeburg"]
[Date "2021.07.29"]
[Round "6"]
[White "Svane, Frederik"]
[Black "Feuerstack, Aljoscha"]
[Result "1/2-1/2"]
[WhiteElo "2438"]
[BlackElo "2473"]
[EventDate "2021.07.25"]
[PlyCount "80"]

1. e4 e5 2. Nc3 Nf6 3. Bc4 Nxe4 4. Qh5 Nd6 5. Qxe5+ Qe7 6. Qxe7+ Bxe7 7. Be2 Nf5 8. Nf3 c6 9. g4 Nh4 10. Nxh4 Bxh4 11. Ne4 Be7 12. d4 d5 13. Ng3 Na6 14. Bf4 O-O 15. O-O-O Be6 16. h4 Rfe8 17. f3 c5 18. c3 cxd4 19. cxd4 Nb4 20. Kb1 Nc6 21. Bb5 Rac8 22. Ne2 a6 23. Bd3 Nb4 24. h5 g5 25. hxg6 fxg6 26. Be5 Rf8 27. Nf4 Nxd3 28. Rxd3 Rc6 29. Rb3 b6 30. Nxe6 Rxe6 31. Rc3 g5 32. Rh5 h6 33. Rh3 Kf7 34. Rc7 Kg6 35. Rd7 Rd8 36. Rxd8 Bxd8 37. Kc2 Bf6 38. Bxf6 Rxf6 39. Kd3 Rf7 40. Rg3 Rf6 1/2-1/2

[Event "GER-ch 92nd"]
[Site "Magdeburg"]
[Date "2021.07.29"]
[Round "6"]
[White "Voege, Tobias"]
[Black "Biastoch, Bennet"]
[Result "1-0"]
[WhiteElo "2324"]
[BlackElo "2266"]
[EventDate "2021.07.25"]
[PlyCount "77"]

1. d4 Nf6 2. c4 e6 3. Nf3 Bb4+ 4. Nbd2 O-O 5. g3 d5 6. Bg2 b6 7. O-O Bb7 8. a3 Bd6 9. b4 c5 10. Rb1 Qe7 11. bxc5 bxc5 12. Nb3 Ne4 13. dxc5 Nxc5 14. Nxc5 Bxc5 15. Ne5 Nc6 16. Nd3 Bb6 17. c5 Ba5 18. Bf4 Rfd8 19. Bd6 Qd7 20. e4 Ba6 21. exd5 exd5 22. Bxd5 Rac8 23. Qf3 Nd4 24. Qe4 Qf5 25. Qxd4 Qxd3 26. Rfd1 Qf5 27. Be4 Qe6 28. Qa4 Be2 29. Rd5 Bc7 30. Re5 Qc4 31. Qxc4 Bxc4 32. Bxc7 Rxc7 33. c6 Be6 34. Rb7 Bh3 35. Rd5 Rxd5 36. Bxd5 Rc8 37. Rxf7 Re8 38. Rxa7+ Kh8 39. f4 1-0

[Event "GER-ch 92nd"]
[Site "Magdeburg"]
[Date "2021.07.29"]
[Round "6"]
[White "Wachinger, Nikolas"]
[Black "Kolb, Tobias"]
[Result "1-0"]
[WhiteElo "2355"]
[BlackElo "2307"]
[EventDate "2021.07.25"]
[PlyCount "57"]

1. e4 c6 2. d4 d5 3. e5 c5 4. Nf3 cxd4 5. Nxd4 Nc6 6. c4 e6 7. Nc3 Bb4 8. Nxc6 bxc6 9. cxd5 Qxd5 10. Qe2 Ne7 11. Bd2 Bxc3 12. Bxc3 O-O 13. Rd1 Qc5 14. Qe4 a5 15. Bd3 g6 16. h4 Nd5 17. Bd2 Nb4 18. Bb1 Rd8 19. h5 Rd5 20. hxg6 fxg6 21. Rc1 Qe7 22. Rc3 Ba6 23. Rch3 Rf8 24. Rxh7 Qxh7 25. Rxh7 Rf5 26. Qh4 Rfxe5+ 27. Be3 Rh5 28. Rxh5 Rxh5 29. Qd8+ 1-0

[Event "GER-ch 92nd"]
[Site "Magdeburg"]
[Date "2021.07.29"]
[Round "7"]
[White "Biastoch, Bennet"]
[Black "Belezky, Alexander"]
[Result "1/2-1/2"]
[WhiteElo "2266"]
[BlackElo "2377"]
[EventDate "2021.07.25"]
[PlyCount "99"]

1. e4 c5 2. Nf3 d6 3. d4 cxd4 4. Nxd4 Nf6 5. Nc3 g6 6. Be3 a6 7. f3 h5 8. Qd2 Nbd7 9. Be2 Bg7 10. O-O O-O 11. Rad1 Qc7 12. f4 Nb6 13. f5 Nc4 14. Bxc4 Qxc4 15. Bh6 Bd7 16. Bxg7 Kxg7 17. Qg5 Rae8 18. Rf3 Rh8 19. fxg6 fxg6 20. Rg3 Rh6 21. e5 dxe5 22. Qxe5 h4 23. Rg5 Rh5 24. Rxh5 gxh5 25. Ne4 Qf7 26. Ng5 Qg6 27. Ndf3 Qf5 28. Qxf5 Bxf5 29. Nd4 Bg4 30. Nge6+ Kf7 31. Re1 Rg8 32. Kf1 h3 33. g3 Nd7 34. Re4 Rg6 35. Nd8+ Ke8 36. Nxb7 Rb6 37. Na5 Rxb2 38. Nac6 Rxa2 39. Rxe7+ Kf8 40. Re1 a5 41. Kf2 a4 42. Ke3 Ra3+ 43. Kd2 Nb6 44. Ne5 Nd5 45. Nc4 Rc3 46. Nb6 Rc5 47. Re5 Nc3 48. Re3 Nd5 49. Re5 Nc3 50. Re3 1/2-1/2

[Event "GER-ch 92nd"]
[Site "Magdeburg"]
[Date "2021.07.29"]
[Round "7"]
[White "Braun, Georg"]
[Black "Pajeken, Jakob Leon"]
[Result "1-0"]
[WhiteElo "2375"]
[BlackElo "2328"]
[EventDate "2021.07.25"]
[PlyCount "61"]

1. e4 c5 2. Nf3 d6 3. Bb5+ Nd7 4. O-O a6 5. Bd3 Ngf6 6. c3 b5 7. Bc2 Bb7 8. Qe2 e6 9. d4 Be7 10. Rd1 Qc7 11. Bd3 O-O 12. Nbd2 cxd4 13. cxd4 Rfc8 14. Nb3 b4 15. Bg5 h6 16. Bf4 a5 17. h3 a4 18. Nbd2 Nf8 19. Bh2 Qc6 20. Nc4 Ba6 21. b3 d5 22. exd5 Nxd5 23. Nfe5 Qe8 24. Qg4 Nh7 25. Nxf7 Nhf6 26. Nxh6+ Kh8 27. Qxe6 gxh6 28. Be5 Rc6 29. Qxd5 Bb7 30. Qf3 Qg8 31. Be4 1-0

[Event "GER-ch 92nd"]
[Site "Magdeburg"]
[Date "2021.07.29"]
[Round "7"]
[White "Colbow, Collin"]
[Black "Voege, Tobias"]
[Result "1/2-1/2"]
[WhiteElo "2353"]
[BlackElo "2324"]
[EventDate "2021.07.25"]
[PlyCount "124"]

1. e4 c5 2. Nf3 Nc6 3. d4 cxd4 4. Nxd4 g6 5. Nc3 Bg7 6. Be3 Nf6 7. Bc4 O-O 8. Bb3 d6 9. f3 Nxd4 10. Bxd4 Be6 11. Qd3 Nd7 12. Bxg7 Kxg7 13. O-O-O Ne5 14. Qd4 Qb6 15. Qxb6 axb6 16. Bd5 Bxd5 17. Rxd5 Ra5 18. Rhd1 Rc8 19. R1d4 Nc6 20. Rxa5 bxa5 21. Rd5 Rc7 22. a3 Kf8 23. Na4 f6 24. Kb1 Kf7 25. Nb6 Ke6 26. c3 f5 27. h3 fxe4 28. fxe4 h6 29. Kc2 Kf7 30. Nc4 Nb8 31. Nxa5 b6 32. Nb3 Nd7 33. Rb5 e6 34. Nd2 Ke7 35. Kd3 Nc5+ 36. Ke3 Nd7 37. Kd3 Nc5+ 38. Ke3 Nd7 39. c4 Rc8 40. Rb4 Rc5 41. Nf3 Ra5 42. Rb5 Ra4 43. Kd4 e5+ 44. Kc3 Nc5 45. Nd2 Ra6 46. Kc2 Ne6 47. Kc3 Nf4 48. Rb3 Nxg2 49. Kb4 Ra5 50. Rg3 Nf4 51. Nb3 Ra8 52. Kb5 Rb8 53. Nd2 Kd7 54. Nb1 g5 55. Nc3 Ne6 56. Nd5 Nd4+ 57. Kb4 b5 58. Rg2 Nc6+ 59. Kc3 bxc4 60. Kxc4 Na5+ 61. Kd3 Nb3 62. Nc3 Rf8 1/2-1/2

[Event "GER-ch 92nd"]
[Site "Magdeburg"]
[Date "2021.07.29"]
[Round "7"]
[White "Enders, Peter"]
[Black "Wachinger, Nikolas"]
[Result "1/2-1/2"]
[WhiteElo "2447"]
[BlackElo "2355"]
[EventDate "2021.07.25"]
[PlyCount "120"]

1. b3 e5 2. Bb2 Nc6 3. e3 Nf6 4. Nf3 e4 5. Nd4 Bc5 6. Nxc6 dxc6 7. d4 Bd6 8. c4 O-O 9. Nc3 Re8 10. Qc2 c5 11. d5 a6 12. O-O-O Qe7 13. Kb1 Nd7 14. h3 f5 15. g4 Ne5 16. Be2 Qh4 17. Rdf1 Re7 18. Bd1 Rf7 19. Ba1 Bd7 20. Ne2 Ng6 21. Qd2 b5 22. Ng3 Raf8 23. Qe1 bxc4 24. bxc4 Ne5 25. gxf5 Nxc4 26. Rhg1 Ne5 27. Bc3 Bb5 28. Nh5 Bd3+ 29. Ka1 Rb8 30. Bg4 Nxg4 31. hxg4 Rb1+ 32. Qxb1 Bxb1 33. Kxb1 g6 34. Rh1 Qg5 35. Nf4 Bxf4 36. exf4 Qxf4 37. fxg6 Rd7 38. Ka1 Qf3 39. Be5 Re7 40. Rb1 Qf8 41. Bc3 Rg7 42. Rhe1 hxg6 43. Rxe4 Re7 44. Re6 Qf3 45. Rb8+ Kf7 46. Rf6+ Qxf6 47. Bxf6 Kxf6 48. f4 Re4 49. g5+ Ke7 50. Rg8 Rxf4 51. Rxg6 Rf5 52. Re6+ Kd7 53. g6 a5 54. Kb2 Rxd5 55. Rf6 Rg5 56. Kc3 Rg4 57. Rf7+ Ke6 58. Rg7 Kf6 59. Rxc7 Kxg6 60. Rxc5 a4 1/2-1/2

[Event "GER-ch 92nd"]
[Site "Magdeburg"]
[Date "2021.07.29"]
[Round "7"]
[White "Feuerstack, Aljoscha"]
[Black "Muckle, Julius"]
[Result "1-0"]
[WhiteElo "2473"]
[BlackElo "2423"]
[EventDate "2021.07.25"]
[PlyCount "91"]

1. e4 e6 2. d4 d5 3. Nd2 c5 4. Ngf3 Nc6 5. exd5 exd5 6. Bb5 Bd6 7. dxc5 Bxc5 8. O-O Nge7 9. Nb3 Bd6 10. Re1 Bg4 11. h3 Bh5 12. Be2 O-O 13. Nfd4 Bxe2 14. Rxe2 Re8 15. Be3 a6 16. Nxc6 bxc6 17. Qd3 Qc7 18. Rae1 c5 19. Nxc5 Bxc5 20. Qc3 Bd6 21. Qxc7 Bxc7 22. Bc5 f6 23. Rxe7 Be5 24. Rxe8+ Rxe8 25. b4 Kf7 26. Kf1 g5 27. Re3 Rc8 28. Ra3 Rc6 29. Ke2 h5 30. Kd3 Ke6 31. c4 f5 32. cxd5+ Kxd5 33. Ra5 Ke6 34. Kc4 h4 35. Ra3 g4 36. Rd3 Rc8 37. a4 Rg8 38. b5 f4 39. f3 axb5+ 40. Kxb5 gxh3 41. gxh3 Rg3 42. a5 Rxh3 43. a6 Rg3 44. a7 Rg8 45. Bb6 h3 46. Bd8 1-0

[Event "GER-ch 92nd"]
[Site "Magdeburg"]
[Date "2021.07.29"]
[Round "7"]
[White "Fromm, Marius"]
[Black "Krassowizkij, Jaroslaw"]
[Result "0-1"]
[WhiteElo "2326"]
[BlackElo "2448"]
[EventDate "2021.07.25"]
[PlyCount "52"]

1. e4 e5 2. Nf3 Nc6 3. Bc4 Bc5 4. d3 Nf6 5. O-O d6 6. c3 h6 7. Re1 O-O 8. h3 a5 9. Nbd2 a4 10. Nf1 Ra5 11. a3 Be6 12. Bxe6 fxe6 13. d4 Bb6 14. Ng3 Qa8 15. Be3 exd4 16. cxd4 d5 17. e5 Ne4 18. Nh5 Qe8 19. Nf4 Rb5 20. Re2 Rb3 21. Kh2 Nxf2 22. Rxf2 Rxe3 23. Qd2 Re4 24. Ne2 Nxe5 25. dxe5 Bxf2 26. Nc3 Be3 0-1

[Event "GER-ch 92nd"]
[Site "Magdeburg"]
[Date "2021.07.29"]
[Round "7"]
[White "Geue, Niklas"]
[Black "Kuhn, Patrick"]
[Result "1/2-1/2"]
[WhiteElo "2121"]
[BlackElo "2073"]
[EventDate "2021.07.25"]
[PlyCount "100"]

1. Nf3 d5 2. d4 e6 3. c4 a6 4. cxd5 exd5 5. Nc3 c6 6. Bf4 Bd6 7. Bxd6 Qxd6 8. e3 Ne7 9. h3 Bf5 10. Ne2 h6 11. Ng3 Bh7 12. Bd3 Bxd3 13. Qxd3 Nd7 14. O-O O-O 15. b4 b5 16. Qc3 Nb6 17. Ne5 Nc4 18. a4 Rfb8 19. Nd3 Ng6 20. Nc5 Nf8 21. Ra2 a5 22. bxa5 b4 23. Qd3 Ne6 24. Nge4 dxe4 25. Qxc4 Nxc5 26. dxc5 Qd3 27. Rc1 Rxa5 28. g4 Kf8 29. Kg2 Ke7 30. Kg3 Kf6 31. Raa1 Qxc4 32. Rxc4 Ke5 33. Rc2 b3 34. Rc3 b2 35. Rb1 Rxa4 36. Rc2 Rab4 37. f4+ exf3 38. Kxf3 R8b5 39. Rd2 Rb3 40. Kf2 Rxc5 41. Rbxb2 Rxb2 42. Rxb2 Rc1 43. Rb7 Ke6 44. Rc7 g6 45. Kf3 Ke5 46. Kf2 f5 47. Kf3 Rc3 48. Rc8 fxg4+ 49. hxg4 Kf6 50. Kf4 Rc1 1/2-1/2

[Event "GER-ch 92nd"]
[Site "Magdeburg"]
[Date "2021.07.29"]
[Round "7"]
[White "Hess, Max"]
[Black "Neyman, Igor"]
[Result "1-0"]
[WhiteElo "2413"]
[BlackElo "2325"]
[EventDate "2021.07.25"]
[PlyCount "77"]

1. e4 c5 2. Nf3 e6 3. Nc3 Nc6 4. Bb5 Nge7 5. d4 cxd4 6. Nxd4 d6 7. O-O Bd7 8. Re1 Nxd4 9. Qxd4 Bxb5 10. Nxb5 Nc6 11. Qd3 a6 12. Na3 Be7 13. Bf4 Ne5 14. Qb3 O-O 15. Qxb7 Rb8 16. Qxa6 Rxb2 17. Nc4 Nxc4 18. Qxc4 Qa8 19. Bc1 Rb7 20. a4 Rc8 21. Qd3 Ra7 22. Qb3 Rb7 23. Qd3 Ra7 24. Qb3 Bf6 25. Ra2 Bc3 26. Rd1 Qxe4 27. Be3 Rb7 28. Qa3 Bb4 29. Qd3 Qxd3 30. Rxd3 Ba5 31. Kf1 Kf8 32. Rxd6 Rbc7 33. Ra6 Bc3 34. a5 e5 35. Rb6 Ke7 36. a6 Ra8 37. Rb7 Rxb7 38. axb7 Rb8 39. Ra3 1-0

[Event "GER-ch 92nd"]
[Site "Magdeburg"]
[Date "2021.07.29"]
[Round "7"]
[White "Koelle, Tobias"]
[Black "Stork, Oliver"]
[Result "1-0"]
[WhiteElo "2312"]
[BlackElo "2394"]
[EventDate "2021.07.25"]
[PlyCount "109"]

1. d4 d5 2. c4 e6 3. Nf3 Nf6 4. Nc3 Be7 5. Bf4 O-O 6. e3 Nbd7 7. c5 c6 8. Bd3 b6 9. b4 a5 10. a3 Ba6 11. O-O Qc8 12. h3 Qb7 13. Rb1 axb4 14. axb4 Bxd3 15. Qxd3 Ra3 16. Qc2 Rfa8 17. Nd2 h6 18. Nb3 Bd8 19. Rfc1 b5 20. Qb2 R3a6 21. Ra1 Ne4 22. Nd1 g5 23. Bh2 Ra4 24. f3 Nef6 25. Qc3 h5 26. Bg3 h4 27. Be1 Bc7 28. Na5 Bxa5 29. Rxa4 bxa4 30. bxa5 Qb5 31. Qc2 Rb8 32. Ra1 Nh5 33. Rxa4 Ng3 34. Bxg3 hxg3 35. Nc3 Qa6 36. Ne2 Rb5 37. Nxg3 Rxa5 38. Rxa5 Qxa5 39. Kf2 Nb8 40. e4 Qa1 41. Ne2 f6 42. e5 Kg7 43. exf6+ Kxf6 44. Qh7 Na6 45. Qh6+ Kf7 46. Qxg5 Nb4 47. Qf4+ Kg6 48. Qe3 e5 49. dxe5 Qd1 50. Qd4 Qb1 51. e6 Nc2 52. Nf4+ Kh7 53. Qe5 d4 54. Qf5+ Kg7 55. Qf7+ 1-0

[Event "GER-ch 92nd"]
[Site "Magdeburg"]
[Date "2021.07.29"]
[Round "7"]
[White "Kolb, Tobias"]
[Black "Nguyen, Alex Dac Vuong"]
[Result "1-0"]
[WhiteElo "2307"]
[BlackElo "2298"]
[EventDate "2021.07.25"]
[PlyCount "59"]

1. d4 Nf6 2. c4 e6 3. Nc3 Bb4 4. e3 O-O 5. Bd2 d5 6. Nf3 b6 7. Rc1 a6 8. cxd5 exd5 9. Bd3 Bb7 10. Ne5 Nbd7 11. f4 Bd6 12. Qf3 c5 13. O-O b5 14. Qh3 g6 15. Be1 c4 16. Bb1 b4 17. Ne2 Qc7 18. Bh4 Kg7 19. Bg5 h5 20. Nxd7 Nxd7 21. f5 Rae8 22. Nf4 Bxf4 23. Bxf4 Qc6 24. Rf3 Nf6 25. Be5 Rxe5 26. dxe5 Ng4 27. fxg6 Nxe5 28. Rf5 fxg6 29. Rxe5 Qf6 30. Qg3 1-0

[Event "GER-ch 92nd"]
[Site "Magdeburg"]
[Date "2021.07.29"]
[Round "7"]
[White "Krastev, Alexander"]
[Black "Paehtz, Thomas Sr"]
[Result "1-0"]
[WhiteElo "2380"]
[BlackElo "2350"]
[EventDate "2021.07.25"]
[PlyCount "93"]

1. e4 d6 2. d4 Nf6 3. Nc3 e5 4. Nf3 Nbd7 5. Bc4 Be7 6. O-O c6 7. a4 h6 8. Re1 Qc7 9. h3 g5 10. Nh2 Nf8 11. Be3 Ng6 12. Qb1 exd4 13. Bxd4 Ne5 14. Qa2 Rh7 15. a5 Nh5 16. Bf1 Nf4 17. b4 Be6 18. Qa4 Kf8 19. b5 c5 20. Bxe5 dxe5 21. b6 Qb8 22. bxa7 Rxa7 23. Qb5 Qc7 24. Bc4 Bxc4 25. Qxc4 Rxa5 26. Ng4 b5 27. Nxb5 Qb6 28. Rab1 Qe6 29. Qxe6 Nxe6 30. Nxe5 Ra2 31. c4 Kg7 32. Nc6 Bd8 33. Red1 Ra8 34. Rd7 Kg6 35. g3 Bf6 36. e5 Bd8 37. Rbd1 Rh8 38. Kg2 Rf8 39. R1d6 h5 40. Kf3 Kf5 41. g4+ hxg4+ 42. hxg4+ Kg6 43. Ke4 Ba5 44. Ne7+ Kg7 45. Nf5+ Kh8 46. Nh6 Nd8 47. Rf6 1-0

[Event "GER-ch 92nd"]
[Site "Magdeburg"]
[Date "2021.07.29"]
[Round "7"]
[White "Kunin, Vitaly L"]
[Black "Svane, Frederik"]
[Result "1/2-1/2"]
[WhiteElo "2567"]
[BlackElo "2438"]
[EventDate "2021.07.25"]
[PlyCount "130"]

1. d4 Nf6 2. c4 e6 3. Nf3 b6 4. a3 Bb7 5. Nc3 d5 6. cxd5 Nxd5 7. Qc2 Nxc3 8. bxc3 c5 9. e4 Nd7 10. Bd3 Qc8 11. Qb1 Be7 12. O-O O-O 13. a4 cxd4 14. cxd4 Ba6 15. Rd1 Bxd3 16. Qxd3 Qb7 17. a5 Nf6 18. Bg5 bxa5 19. Rab1 Qd7 20. Ne5 Qd6 21. Rb7 Qa3 22. Qe2 Rac8 23. h3 Rfd8 24. Ng4 Nd7 25. Bf4 Nf8 26. Rxa7 Ng6 27. Bg3 Rc1 28. Rxc1 Qxc1+ 29. Qf1 Qxf1+ 30. Kxf1 Rxd4 31. Ne5 Bf8 32. Nxg6 hxg6 33. Rxa5 Rxe4 34. Ra8 Rd4 35. Be5 Rd5 36. Bb2 Rd3 37. Ke2 Rb3 38. Be5 Rb6 39. Bc7 Rc6 40. Ba5 Rc4 41. Bd2 e5 42. Kd3 Rd4+ 43. Ke3 Rc4 44. Kd3 Rd4+ 45. Ke2 f6 46. Bc3 Rc4 47. Kd3 Rf4 48. f3 g5 49. Ra2 Kf7 50. Ra7+ Kg6 51. Ra6 Kh7 52. Ra8 Bc5 53. Rc8 Bg1 54. Rc4 Kg6 55. Bd2 Rd4+ 56. Rxd4 Bxd4 57. g4 Kf7 58. Ke4 Ke6 59. Bc1 Bf2 60. Bd2 g6 61. Bc1 Kd6 62. Ba3+ Bc5 63. Bc1 Bf2 64. Ba3+ Bc5 65. Bc1 Bf2 1/2-1/2

[Event "GER-ch 92nd"]
[Site "Magdeburg"]
[Date "2021.07.29"]
[Round "7"]
[White "Laux, Dominik"]
[Black "Gutkin, Ilya"]
[Result "0-1"]
[WhiteElo "2085"]
[BlackElo "2304"]
[EventDate "2021.07.25"]
[PlyCount "84"]

1. d4 e6 2. Nf3 Nf6 3. c4 Bb4+ 4. Bd2 Qe7 5. g3 Bxd2+ 6. Qxd2 Nc6 7. Nc3 d5 8. Bg2 dxc4 9. O-O O-O 10. e4 Rd8 11. Rfd1 e5 12. Qe3 Ng4 13. Qc1 Nxd4 14. Nxd4 Rxd4 15. Rxd4 exd4 16. Nd5 Qd6 17. h3 c6 18. hxg4 cxd5 19. exd5 b5 20. a4 Bd7 21. axb5 Bxb5 22. Qd2 Qc5 23. Rc1 Re8 24. Qf4 h6 25. Be4 Qe7 26. Re1 Qg5 27. Qxg5 hxg5 28. f3 Kf8 29. Rd1 d3 30. Kf2 Ba4 31. Rd2 g6 32. d6 Rd8 33. Bd5 Bb3 34. Ke3 Rxd6 35. Be4 Ra6 36. Kd4 Ra1 37. Ke3 Rc1 38. Kf2 Rc2 39. Ke3 Ke7 40. f4 Kf6 41. Bc6 gxf4+ 42. gxf4 g5 0-1